000 00490nam a2200181Ia 4500
005 20250508151121.0
008 008 250505s9999 xx 000 0 eng d
037 _aTextual
040 _aFEDL
_beng
_cFEDL
041 _aeng
_2eng
084 _a891.73, TOL
_qFEDL
100 _aTolstoy Leo
245 0 _aTales of sevastopol
260 _aMoscow
_bForeign Languages Publishing House
_c1952
300 _a153p.
942 _cTEXL
_h891.73, TOL
999 _c1327681
_d1327681